Powerfull presentations : simple ideas for making a real impact (Record no. 62259)
[ view plain ]
| 000 -LEADER | |
|---|---|
| fixed length control field | 00710nam a22002057a 4500 |
| 003 - CONTROL NUMBER IDENTIFIER | |
| control field | NUST-PNEC |
| 005 - DATE AND TIME OF LATEST TRANSACTION | |
| control field | 20170116180743.0 |
| 008 - FIXED-LENGTH DATA ELEMENTS--GENERAL INFORMATION | |
| fixed length control field | 150106b xxu||||| |||| 00| 0 eng d |
| 020 ## - INTERNATIONAL STANDARD BOOK NUMBER | |
| International Standard Book Number | 8175541180 |
| 040 ## - CATALOGING SOURCE | |
| Transcribing agency | PNEC |
| 082 ## - DEWEY DECIMAL CLASSIFICATION NUMBER | |
| Classification number | 153.25 EHR |
| 100 ## - MAIN ENTRY--PERSONAL NAME | |
| 9 (RLIN) | 1181 |
| Personal name | Ehrenborg, Jons |
| 245 ## - TITLE STATEMENT | |
| Title | Powerfull presentations : simple ideas for making a real impact |
| Statement of responsibility, etc. | Jons Ehrenborg |
| 250 ## - EDITION STATEMENT | |
| Edition statement | 2nd ed. |
| 260 ## - PUBLICATION, DISTRIBUTION, ETC. | |
| Place of publication, distribution, etc. | New Dehli : |
| Name of publisher, distributor, etc. | Kogan Page India Pvt. Ltd., |
| Date of publication, distribution, etc. | c2000. |
| 300 ## - PHYSICAL DESCRIPTION | |
| Extent | 105 p. : |
| Other physical details | ill.; |
| Dimensions | 22 cm. |
| 650 ## - SUBJECT ADDED ENTRY--TOPICAL TERM | |
| General subdivision | General |
| 856 ## - ELECTRONIC LOCATION AND ACCESS | |
| Uniform Resource Identifier | <a href="http://www.amazon.com/Powerful-Presentations-Jons-Ehrenborg-Mattock/dp/8175541180/ref=sr_1_1?s=books&ie=UTF8&qid=1420533350&sr=1-1&keywords=8175541180">http://www.amazon.com/Powerful-Presentations-Jons-Ehrenborg-Mattock/dp/8175541180/ref=sr_1_1?s=books&ie=UTF8&qid=1420533350&sr=1-1&keywords=8175541180</a> |
| 942 ## - ADDED ENTRY ELEMENTS (KOHA) | |
| Source of classification or shelving scheme | |
| Koha item type | Book |
| Withdrawn status | Lost status | Source of classification or shelving scheme | Damaged status | Not for loan | Permanent Location | Current Location | Shelving location | Date acquired | Source of acquisition | Cost, normal purchase price | Total Checkouts | Full call number | Barcode | Date last seen | Date last checked out | Cost, replacement price | Price effective from | Koha item type |
|---|---|---|---|---|---|---|---|---|---|---|---|---|---|---|---|---|---|---|
| Pakistan Navy Engineering College (PNEC) | Pakistan Navy Engineering College (PNEC) | 09/12/2000 | NUST Recurring A/c | 574.00 | 1 | 153.25 EHR | PNECLIB-022709 | 03/14/2016 | 03/14/2016 | 574.00 | 09/12/2000 | Book |
